skbl

Dr Suryya Kumar Bhuyan Library Web-OPAC
ডঃ সূৰ্য্য
কুমাৰ ভূঞা পুথিভঁৰাল ৱেব-অ'পেক

All Research Scholars are advised to clear the annual library fees to continue using Library Resources, Remote Access, Plagiarism Test and Library Clearance.

Cotton University Book Fair 2026

Vector Mechanics For Engineers: Dynamics / (Record no. 3880)

MARC details
000 -LEADER
fixed length control field 00942nam a2200337Ia 4500
001 - CONTROL NUMBER
control field 3892
005 - DATE AND TIME OF LATEST TRANSACTION
control field 20240113233659.0
007 - PHYSICAL DESCRIPTION FIXED FIELD--GENERAL INFORMATION
fixed length control field ta
008 - FIXED-LENGTH DATA ELEMENTS--GENERAL INFORMATION
fixed length control field 060306s2003 g b000 u eng u
020 ## - INTERNATIONAL STANDARD BOOK NUMBER
International Standard Book Number 0-07-463598-0
040 ## - CATALOGING SOURCE
Original cataloging agency Cotton College,Assam
041 ## - LANGUAGE CODE
Language code of text/sound track or separate title eng
082 ## - DEWEY DECIMAL CLASSIFICATION NUMBER
Classification number 620.1054
Item number Be 392 Ve
100 ## - MAIN ENTRY--PERSONAL NAME
Personal name Beer , Ferdinand P. .
245 #0 - TITLE STATEMENT
Title Vector Mechanics For Engineers: Dynamics /
Statement of responsibility, etc. Ferdinand P. Beer and E. Russell Johnston.
Medium Textual Documents
250 ## - EDITION STATEMENT
Edition statement 3rd ed. /
260 ## - PUBLICATION, DISTRIBUTION, ETC.
Place of publication, distribution, etc. New Delhi :
Name of publisher, distributor, etc. Tata Mcgraw-Hill Publishing Company Ltd ,
Date of publication, distribution, etc. 2003.
300 ## - PHYSICAL DESCRIPTION
Extent xviii, 1044p. ;
Dimensions 25cm.
504 ## - BIBLIOGRAPHY, ETC. NOTE
Bibliography, etc. note Index
653 ## - INDEX TERM--UNCONTROLLED
Uncontrolled term Mathematics
653 ## - INDEX TERM--UNCONTROLLED
Uncontrolled term Dynamics
653 ## - INDEX TERM--UNCONTROLLED
Uncontrolled term Vector Mechanics
653 ## - INDEX TERM--UNCONTROLLED
Uncontrolled term G-Mathematics
653 ## - INDEX TERM--UNCONTROLLED
Uncontrolled term Deptt.-Mathematics
700 ## - ADDED ENTRY--PERSONAL NAME
Personal name Johnston, E. Russell.
942 ## - ADDED ENTRY ELEMENTS (KOHA)
Source of classification or shelving scheme Dewey Decimal Classification
Koha item type Books
Holdings
Withdrawn status Lost status Damaged status Not for loan Collection Home library Current library Date acquired Coded location qualifier Total checkouts Full call number Barcode Date last seen Copy number Price effective from Koha item type
          Dr. Suryya Kumar Bhuyan Library Dr. Suryya Kumar Bhuyan Library 01/02/2012 00000   620.1054 Be 392 Ve 742/Math 13/01/2024 3 01/02/2012 Books
          Dr. Suryya Kumar Bhuyan Library Dr. Suryya Kumar Bhuyan Library 01/02/2012 00000   620.1054 Be 392 Ve 1565/Math 13/01/2024 2 01/02/2012 Books
          Dr. Suryya Kumar Bhuyan Library Dr. Suryya Kumar Bhuyan Library 01/02/2012 00000   620.1054 Be 392 Ve 1566/Math 13/01/2024 1 01/02/2012 Books

Designed and Maintained by Team SKBL
©1901-2026

Powered by Koha